| 000 | 01334nam2a22002531 4500 | ||
|---|---|---|---|
| 001 | rc\492745 | ||
| 005 | 20250621135208.0 | ||
| 035 | _a(NLR Aleph) 005809786 | ||
| 090 |
_a5376196 _c5376197 |
||
| 100 | _a20030616d1988 |||y0rusy50 ca | ||
| 101 | 0 | _arus | |
| 102 | _aRU | ||
| 105 | _ay ||||||||| | ||
| 200 | 1 |
_aОценка прогнозных ресурсов твердых горючих полезных ископаемых, черных и легирующих металлов _f[Сост. Ф.Р. Апельцын и др.] |
|
| 210 |
_d1988 (вып. дан. 1989) _aБ. м. |
||
| 215 | _a199 с. | ||
| 320 | _aБиблиогр.: с. 197-198 | ||
| 333 | _aДСП. Экз. № 997 | ||
| 461 | 0 |
_1001rc\492743 _12001#$aМетодическое руководство по оценке прогнозных ресурсов твердых полезных ископаемых$e[В 5 ч.]$fМ-во геологии СССР$vЧ. 2 _95376180 _cМ. _d1988 _e2-е изд., перераб. _fМ-во геологии СССР _nВИЭМС _o[В 5 ч.] _tМетодическое руководство по оценке прогнозных ресурсов твердых полезных ископаемых _vЧ. 2 |
|
| 801 | 0 |
_aRU _bNLR _gpsbo |
|
| 801 | 1 |
_aRU _bELAR _2rusmarc |
|
| 852 |
_aNLR _j90-50К/3047 |
||
| 942 | _cBOOK | ||
| 980 | _aNB | ||